| 000 | 03760cam a22003135a 4500 | ||
|---|---|---|---|
| 001 | ocm50144841 | ||
| 003 | OSt | ||
| 005 | 20151029111715.0 | ||
| 008 | 020710t2002 nyu fr 000 0 eng d | ||
| 020 | _a0785814531 (hc) | ||
| 020 | _a9780785814535 (hc) | ||
| 040 |
_aEOW _beng _cEOW _dIHI _dOCLCQ _dSPP _dCQC _dBAKER _dFVC _dYDXCP _dOSU _dAU@ _dVP@ _dHALAN _dTXBXL _dOCLCQ _dOCLCF _dEG-ScBUE |
||
| 082 | 0 | 4 |
_a811.3 _222 _bPOE |
| 100 | 1 |
_aPoe, Edgar Allan, _d1809-1849 _938605 |
|
| 245 | 1 | 4 |
_aThe complete tales & poems of Edgar Allan Poe / _cintroduction Wilbur S. Scott. |
| 246 | 3 | _aThe complete tales and poems of Edgar Allan Poe | |
| 260 |
_aNew York : _bCastle Books, _cc.2002. |
||
| 300 |
_axiv, 842 p. ; _c24 cm. |
||
| 505 | 0 | 0 |
_tUnparalleled adventure of one Hans Pfaall -- _tBalloon-hoax -- _tMesmeric revelation -- _tMs. found in a bottle -- _tDescent into the maelström -- _tVon Kempelen and his discovery -- _tGold-bug -- _tFacts in the case of M. Valdemar -- _tThousand-and-second tale of Scheherazade -- _tMurders in the Rue Morgue -- _tMystery of Marie Rogêt -- _tFall of the House of Usher -- _tPurloined letter -- _tTell-tale heart -- _tBlack cat -- _tImp of the perverse -- _tPremature burial -- _tIsland of the fay -- _tCask of Amontillado -- _tPit and the pendulum -- _tOval portrait -- _tMasque of the red death -- _tAssignation -- _tSystem of Doctor Tarr and Professor Fether -- _tMystification -- _tHow to write a Blackwood article -- _tPredicament -- _tLiterary life of Thingum Bob, Esq.-- _tDiddling -- _tX-ing a paragrab -- _tAngel of the odd -- _tLoss of breath -- _tBusiness man -- _tMellonta Tauta -- _tMan that was used up -- _tMaelzel's chess-player -- _tPower of words -- _tConversation of Eiros and Charmion -- _tColloquy of Monos and Una -- _tSilence, a fable -- _tShadow, a parable -- _tTale of Jerusalem -- _tPhilosophy of furniture -- _tSphinx -- _tMan of the crowd -- _t"Thou art the man" -- _tHop-frog -- _tNever bet the Devil your head -- _tFour beasts in one -- _tWhy the little Frenchman wears his hand in a sling -- _tSome words with a mummy -- _tBon-bon -- _tMagazine-writing, Peter Snook -- _tReview of Stephens' "Arabia petræe" -- _tQuacks of Helicon, a satire -- _tAstoria -- _tDomain of Arnheim -- _tLandor's cottage -- _tWilliam Wilson -- _tLigeia -- _tBerenice -- _tMorella -- _tEleonara -- _tMetzengerstein -- _tTale of the Ragged Mountains -- _tOblong box -- _tDuc de l'Omelette -- _tSpectacles -- _tKing pest -- _tThree Sundays in a week -- _tDevil in the belfry -- _tLionizing -- _tNarrative of a Gordon Pym. |
| 505 | 0 | 0 |
_gPoems: _tRaven -- _tLenore -- _tValentine -- _tHymn -- _tColiseum -- _tTo-- -- _tUlalume -- _tTo Helen -- _tEnigma -- _tAnnabel Lee -- _tTo one in paradise -- _tBells -- _tTo my mother -- _tHaunted palace -- _tConqueror worm -- _tTo F-s S. O-d -- _tValley of unrest -- _tCity in the sea -- _tSleeper -- _tDream within a dream -- _tSilence -- _tDream-land -- _tEulalie -- _tTo Zante -- _tBridal ballad -- _tTo F-- -- _tEldorado -- _tIsrafel -- _tFor Annie -- _tScenes from "Politian" -- _tSonnet to science -- _tAaraaf -- _tTo the River-- -- _tTamerlane -- _tDream -- _tLake to-- -- _tTo M.L.S.-- _tSpirits of the dead -- _tDreams -- _tEvening star -- _tAlone -- _tPæan -- _tFairy-land -- _tRomance -- _t"In youth I have known one." |
| 520 | _aFeatures a comprehensive collection of the author's works, including such classics as "The Fall of the House of Usher" and "The Raven" and lesser-known works such as "Loss of Breath" and "Spirits of the Dead." | ||
| 650 | 0 |
_aShort stories, American _y19th century. _2BUEsh |
|
| 650 | 0 |
_aAmerican poetry _y19th century. _2BUEsh |
|
| 650 | 0 |
_aHorror tales, American _y19th century. _2BUEsh |
|
| 651 | _2BUEsh | ||
| 653 |
_bEEENG _cJuly2015 _cOctober2015 |
||
| 700 | 1 |
_aScott, Wilbur S. _q(Wilbur Stewart), _d1914-2005, _eauthor of introduction, etc. |
|
| 942 | _2ddc | ||
| 999 |
_c20218 _d20190 |
||